[Event "Marienbad Open-A1 2019"]
[Site "Marianske Lazne"]
[Date "2019.01.25"]
[Round "8"]
[White "Ajay Krishna, S."]
[Black "Rakesh Kumar Jena"]
[Result "1-0"]
[WhiteElo "2289"]
[BlackElo "2426"]
[Annotator "TA"]
[PlyCount "89"]
[EventDate "2019.01.17"]
[EventType "tourn"]
[EventCountry "CZE"]
[SourceTitle "playchess.com"]
[Source "ChessBase"]
[SourceQuality "1"]

{[%evp 22,89,75,65,95,102,119,70,76,74,72,58,86,91,73,42,42,37,37,37,42,41,40,27,45,45,30,44,54,47,43,52,46,15,55,41,41,47,170,156,162,162,148,111,111,119,120,118,120,108,120,111,148,131,204,172,264,256,267,267,717,717,696,667,592,579,1079,1076,1173,1171]} 1. Nf3 c5 2. c4 Nf6 3. Nc3 g6 4. e3 Bg7 5. d4 O-O 6. Be2 b6 7. O-O Bb7 8. d5 d6 9. e4 Nbd7 10. h3 {E61: King's Indian: Early deviations for White, including Smyslov System} a6 11. a4 Qc7 12. Bf4 {LiveBook: 3 Games. White is better.} Rae8 $146 ({Predecessor:} 12... Rad8 13. Qd2 Bc8 14. Rfe1 Rfe8 15. Bf1 Nh5 16. Bh2 {½-½ (36) Karjakin,S (2783)-Nepomniachtchi,I (2751) chess.com INT 2017}) 13. Qd2 Ne5 14. Rad1 Nxf3+ 15. Bxf3 Nd7 16. Bh6 e5 17. dxe6 Rxe6 18. Bxg7 Kxg7 19. Bg4 f5 20. Nd5 Bxd5 $1 21. exf5 gxf5 22. cxd5 Ref6 23. Be2 f4 {[%cal Bf5f4,Bf4f3][%mdl 32]} 24. Bxa6 f3 $1 25. Rfe1 {And now Re7+ would win.} Ne5 26. Rxe5 dxe5 27. d6 Qf7 28. d7 $36 {[%mdl 3072] White has compensation. Black is under pressure.} Rd8 29. g3 {[%cal Bg2g3,Bg3g4][%mdl 32] Black must now prevent Qg5+.} Qh5 {[#]} (29... h6 $14) 30. Kh2 $1 $18 Qf5 {[#]} 31. Bb5 $1 Rh6 {[#]} 32. g4 $1 {[%mdl 512]} Qf4+ (32... Qxg4 33. Qxh6+) 33. Qxf4 exf4 $16 {[%mdl 4096] Endgame KRR-KRB} 34. Rd3 Re6 35. Rxf3 Re4 36. Kg2 Rb4 37. b3 Rd4 (37... Kf6 $16) 38. Rc3 $18 Ra8 (38... Kf6 $142 39. Rc1 Ke5) 39. Rc1 Rf8 40. Re1 Rd2 $2 (40... Rf6 41. Re7+ Kg6) 41. Re8 {White is clearly winning.} h6 42. h4 {[%cal Bh3h4,Bh4h5][%mdl 32]} Rd4 43. Kf3 Rd2 44. h5 Rg8 45. Kxf4 {Accuracy: White = 78%, Black = 39%.} 1-0

[Event "Marienbad Open-A1 2019"]
[Site "Marianske Lazne"]
[Date "2019.01.26"]
[Round "9"]
[White "Chernyshov, Konstantin"]
[Black "Plat, Vojtech"]
[Result "0-1"]
[WhiteElo "2500"]
[BlackElo "2552"]
[Annotator "ChessBase"]
[PlyCount "176"]
[EventDate "2019.01.17"]
[EventType "tourn"]
[EventCountry "CZE"]
[SourceTitle "playchess.com"]
[Source "ChessBase"]
[SourceQuality "1"]
[TimeControl "40/5400+30:1800+30"]

1. d4 {[%emt 0:00:00]} d6 {[%emt 0:00:00]} 2. Nc3 {[%emt 0:00:17]} Nf6 {[%emt 0:00:00]} 3. e4 {[%emt 0:00:44]} e5 {[%emt 0:00:00]} 4. Nf3 {[%emt 0:01:41]} Nbd7 {[%emt 0:00:00]} 5. g3 {[%emt 0:01:24]} Be7 {[%emt 0:04:30]} 6. Bg2 {[%emt 0:01:07]} c6 {[%emt 0:00:04]} 7. O-O {[%emt 0:00:29]} O-O {[%emt 0:00:04]} 8. Re1 {[%emt 0:01:28]} b5 {[%emt 0:00:06]} 9. b3 {[%emt 0:00:53]} Bb7 {[%emt 0:00:34]} 10. Bb2 {[%emt 0:00:28]} Qc7 {[%emt 0:00:13]} 11. a4 {[%emt 0:06:06]} a6 {[%emt 0:00:20]} 12. Qd2 {[%emt 0:01:18]} Rfe8 {[%emt 0:00:14]} 13. Rad1 {[%emt 0:00:58]} Bf8 {[%emt 0:00:06]} 14. Qc1 {[%emt 0:07:09]} g6 {[%emt 0:03:57]} 15. axb5 {[%emt 0:08:02]} axb5 {[%emt 0:00:05]} 16. Nb1 {[%emt 0:01:06]} Bg7 {[%emt 0:00:59]} 17. c4 {[%emt 0:08:44]} bxc4 {[%emt 0:00:14]} 18. dxe5 {[%emt 0:00:24]} dxe5 {[%emt 0:04:01]} 19. Qxc4 {[%emt 0:02:33]} Ra2 {[%emt 0:00:30]} 20. Qc2 Nc5 {[%emt 0:02:37]} 21. Nc3 {[%emt 0:02:46]} Raa8 {[%emt 0:00:13]} 22. b4 {[%emt 0:14:52]} Na6 {[%emt 0:03:38]} 23. Ba3 Bf8 {[%emt 0:02:07]} 24. Rb1 {[%emt 0:07:08]} c5 {[%emt 0:00:35]} 25. bxc5 {[%emt 0:00:37]} Nxc5 {[%emt 0:00:30]} 26. Nb5 {[%emt 0:00:30]} Qc8 {[%emt 0:00:30]} 27. Nd2 {[%emt 0:07:50]} Ba6 {[%emt 0:19:19]} 28. Nc4 {[%emt 0:01:09]} Bxb5 {[%emt 0:01:25]} 29. Rxb5 {[%emt 0:00:50]} Ne6 {[%emt 0:00:30]} 30. Bb2 Ra2 {[%emt 0:01:57]} 31. Qb3 {[%emt 0:06:35]} Rxb2 {[%emt 0:00:05]} 32. Nxb2 {[%emt 0:00:04]} Nd4 {[%emt 0:00:05]} 33. Qd3 {[%emt 0:00:26]} Nxb5 {[%emt 0:04:16]} 34. Qxb5 {[%emt 0:02:12]} Qc3 {[%emt 0:02:07]} 35. Qe2 Rb8 {[%emt 0:00:04]} 36. Nd3 {[%emt 0:01:43]} Rd8 {[%emt 0:00:08]} 37. Rd1 {[%emt 0:00:54]} Rd4 {[%emt 0:02:59]} 38. h3 {[%emt 0:06:40]} Kg7 {[%emt 0:01:18]} 39. Kh2 {[%emt 0:03:45]} Qc4 {[%emt 0:07:05]} 40. Qe3 {[%emt 0:02:32]} Qc2 {[%emt 0:00:33]} 41. Rd2 {[%emt 0:05:41]} Qc3 {[%emt 0:03:28]} 42. Rd1 {[%emt 0:02:29]} Bd6 {[%emt 0:03:02]} 43. Bf3 {[%emt 0:03:06]} Qc4 {[%emt 0:01:48]} 44. Kg2 {[%emt 0:01:08]} Qa4 {[%emt 0:01:18]} 45. Qe2 {[%emt 0:02:54]} Qa3 46. Ne1 Rxd1 {[%emt 0:01:04]} 47. Qxd1 {[%emt 0:00:35]} Bc5 {[%emt 0:00:08]} 48. Nd3 {[%emt 0:01:06]} Bd4 {[%emt 0:00:04]} 49. Qc2 {[%emt 0:00:04]} Qa5 {[%emt 0:00:24]} 50. Nc1 {[%emt 0:00:44]} Ne8 {[%emt 0:00:45]} 51. Nb3 {[%emt 0:04:53]} Qb6 {[%emt 0:00:30]} 52. Nxd4 {[%emt 0:01:39]} Qxd4 {[%emt 0:01:15]} 53. Be2 Nd6 {[%emt 0:01:15]} 54. Bd3 {[%emt 0:01:39]} Nb7 {[%emt 0:00:13]} 55. Qc4 {[%emt 0:01:56]} Qd6 {[%emt 0:00:32]} 56. Bc2 {[%emt 0:00:44]} Nc5 {[%emt 0:00:30]} 57. Bb3 {[%emt 0:00:36]} Ne6 {[%emt 0:00:51]} 58. Qd5 {[%emt 0:00:30]} Qc7 {[%emt 0:00:04]} 59. Bc4 g5 {[%emt 0:01:14]} 60. Bb3 {[%emt 0:03:54]} Nd4 {[%emt 0:00:44]} 61. Bc4 {[%emt 0:00:27]} h6 {[%emt 0:01:07]} 62. Ba2 {[%emt 0:00:42]} Ne6 {[%emt 0:00:39]} 63. Qc4 {[%emt 0:00:56]} Qe7 {[%emt 0:00:13]} 64. Qd5 Qf6 {[%emt 0:00:05]} 65. Bc4 {[%emt 0:05:44]} Nd4 {[%emt 0:00:11]} 66. Kg1 {[%emt 0:00:10]} h5 {[%emt 0:00:41]} 67. Qd7 {[%emt 0:00:46]} h4 {[%emt 0:00:18]} 68. g4 {[%emt 0:01:34]} Qf4 {[%emt 0:00:27]} 69. Qd5 {[%emt 0:01:38]} Nf3+ {[%emt 0:00:35]} 70. Kg2 {[%emt 0:00:15]} Nd2 {[%emt 0:00:14]} 71. Bd3 {[%emt 0:00:15]} Kh6 {[%emt 0:04:37]} 72. Qd6+ {[%emt 0:00:18]} Kh7 {[%emt 0:00:10]} 73. Qd7 {[%emt 0:00:12]} Qf3+ {[%emt 0:01:38]} 74. Kg1 {[%emt 0:00:10]} Kg7 {[%emt 0:00:13]} 75. Qd5 {[%emt 0:00:07]} Qf6 {[%emt 0:01:08]} 76. Be2 {[%emt 0:01:03]} Qf4 {[%emt 0:00:05]} 77. Bd3 {[%emt 0:00:10]} Nf3+ {[%emt 0:02:34]} 78. Kg2 {[%emt 0:00:09]} Nd4 {[%emt 0:00:09]} 79. Bc4 {[%emt 0:00:10]} Qf6 {[%emt 0:01:48]} 80. Qd7 {[%emt 0:00:54]} Qf3+ {[%emt 0:00:08]} 81. Kg1 {[%emt 0:00:12]} Qf4 {[%emt 0:00:09]} 82. Qd5 {[%emt 0:00:23]} Ne6 {[%emt 0:00:30]} 83. Kg2 {[%emt 0:00:48]} Qf6 {[%emt 0:00:06]} 84. Qd7 {[%emt 0:00:16]} Nf4+ {[%emt 0:00:12]} 85. Kh2 {[%emt 0:00:06]} Nxh3 {[%emt 0:00:34]} 86. Kxh3 {[%emt 0:01:01]} Qf3+ {[%emt 0:00:33]} 87. Kh2 {[%emt 0:00:05]} Qxf2+ {[%emt 0:00:02]} 88. Kh1 {[%emt 0:00:08]} h3 {[%emt 0:00:35]} 0-1

[Event "Marienbad Open-A1 2019"]
[Site "Marianske Lazne"]
[Date "2019.01.26"]
[Round "9"]
[White "Gumularz, Szymon"]
[Black "Simek, Petr"]
[Result "1-0"]
[WhiteElo "2475"]
[BlackElo "2330"]
[Annotator "TA"]
[PlyCount "89"]
[EventDate "2019.01.17"]
[EventType "tourn"]
[EventCountry "CZE"]
[SourceTitle "playchess.com"]
[Source "ChessBase"]
[SourceQuality "1"]

{[%evp 9,89,17,24,-28,10,17,38,39,44,35,43,27,53,36,32,40,43,2,43,42,46,33,52,37,52,56,54,60,52,39,51,18,21,0,12,0,3,0,28,0,7,0,0,0,0,0,31,31,16,27,80,88,294,304,437,405,383,400,399,266,244,221,289,270,323,300,391,269,929,878,29975,29976,29975,29976,29975,29977,29977,29975,29973,29974,29974,29974]} 1. d4 Nf6 2. Bf4 $146 (2. Nf3 g6 3. Nc3 d5 4. Bf4 Bg7 5. Nb5 Na6 6. e3 c6 7. Nc3 {0-1 (50) Melkumyan,H (2670)-Amin,B (2710) St Petersburg 2018}) ({Predecessor:} 2. Nf3 g6 3. Nc3 d5 4. Bf4 Bg7 5. e3 {½-½ (16) Hobber,A (2320)-Petersson,B (2038) Tylosand 2018}) 2... g6 3. Nc3 d5 4. e3 c6 5. Nf3 Bg7 6. Ne5 {D00: 1 d4 d5: Unusual lines} (6. h3 $142) (6. h3 O-O 7. Be2 Nbd7 8. O-O Re8 9. Bh2 a5 10. Ne5 Nxe5 11. Bxe5 Ne4 12. Nxe4 Bxe5 13. dxe5 dxe4 14. Qd4 Qxd4 15. exd4 Rd8 16. Rad1 {0-1 (50) Melkumyan,H (2670)-Amin,B (2710) St Petersburg 2018}) ({Predecessor:} 6. Be2 Nbd7 {½-½ (16) Hobber,A (2320)-Petersson,B (2038) Tylosand 2018}) 6... Nbd7 7. Be2 Ne4 8. Nxe4 {White is slightly better.} dxe4 9. Nxd7 Bxd7 10. c3 h5 ({Predecessor:} 10... e6 11. Qc2 f5 12. h4 Qe7 13. O-O-O e5 14. dxe5 Bxe5 15. Bxe5 Qxe5 16. Qb3 {½-½ (16) Hobber,A (2320)-Petersson,B (2038) Tylosand 2018}) 11. Qc2 Bf5 12. h3 Qd7 13. O-O O-O 14. Rfd1 Rfd8 15. c4 Rac8 16. b4 Bf6 17. Bh2 h4 18. Rab1 g5 19. c5 a6 20. Bc4 Be6 21. Bxe6 Qxe6 22. Qe2 Bg7 23. a4 Ra8 24. Rd2 Qf5 25. Rbd1 Rd5 26. b5 axb5 27. axb5 Rad8 28. Bc7 Rf8 29. b6 {Hoping for Ra2.} Qd7 (29... Ra8 $11 {remains equal.}) 30. Qg4 $16 {Threatens to win with Qxd7.} f5 $2 {[#]} (30... Qe6 $16) 31. Qxg5 $18 f4 (31... Kf7 {is a better defense.} 32. Qh5+ Kg8 33. Qxh4 Qe6) 32. Qxh4 fxe3 33. fxe3 Qe6 34. Qg4 Qxg4 35. hxg4 Ra8 36. Rf1 Ra3 37. Re2 e5 38. dxe5 Rc3 $2 (38... Bxe5 39. Rf5 Rd1+ 40. Kf2 Bc3) 39. e6 {[#] And now e7 would win.} Bf8 40. Rxf8+ {White mates.} Kxf8 41. Bd6+ Rxd6 42. cxd6 Rd3 43. Rf2+ Ke8 44. g5 Rxd6 45. g6 {Accuracy: White = 55%, Black = 44%.} 1-0

[Event "Marienbad Open-A1 2019"]
[Site "Marianske Lazne"]
[Date "2019.01.26"]
[Round "9"]
[White "Rakesh Kumar Jena"]
[Black "Cernousek, Lukas"]
[Result "1/2-1/2"]
[WhiteElo "2426"]
[BlackElo "2427"]
[Annotator "TA"]
[PlyCount "126"]
[EventDate "2019.01.17"]
[EventType "tourn"]
[EventCountry "CZE"]
[SourceTitle "playchess.com"]
[Source "ChessBase"]
[SourceQuality "1"]

{[%evp 9,126,0,0,0,-5,-9,-16,-16,-11,-14,-10,-10,-13,-30,-30,-39,-20,-52,-31,-42,-22,-32,-20,-32,-20,-35,-43,-69,-69,-58,-60,-57,-54,-53,-59,-57,-45,-53,-43,-52,-42,-70,-42,-51,-46,-72,-52,-44,-47,-52,-39,-75,-68,-66,-41,-42,-27,-53,-8,-8,-8,-127,-43,-167,-176,-178,-201,-195,-181,-214,-219,-219,-209,-200,-99,-100,-100,-100,-100,-116,-100,-146,-37,-42,-44,-43,-26,-26,-26,-31,0,0,0,-120,-85,-81,-77,-77,-77,-202,-139,-150,-148,-155,-150,-135,-132,-139,-8,-8,-8,-8,-8,-8,-8,-8,-8,-8,-8]} 1. e4 c6 2. Nc3 (2. Nf3 d5 {1-0 (32) Adams,M (2703)-Howell,D (2696) London 2018}) 2... d5 3. Nf3 Nf6 (3... g6 4. d4 Bg7 5. h3 dxe4 6. Nxe4 Nf6 7. Bd3 O-O 8. O-O Nxe4 9. Bxe4 Nd7 10. c3 c5 11. Be3 Qc7 12. Qe2 cxd4 13. Nxd4 a6 14. Rad1 Nf6 15. Bc2 b6 16. Rfe1 Bb7 17. Bb3 Ne4 18. Nf3 e6 19. Bd4 {1-0 (32) Adams,M (2703)-Howell,D (2696) London 2018}) 4. d3 dxe4 5. dxe4 Qxd1+ 6. Kxd1 {B11: Caro-Kann: Two Knights Variation} Bg4 7. h3 Bxf3+ 8. gxf3 Nbd7 9. Be3 e6 10. Rg1 g6 11. Ke1 Bc5 $146 12. Bh6 Ke7 13. Be2 Bd4 14. Nd1 e5 15. c3 Bc5 16. Ne3 a5 17. Rd1 Nh5 18. Nc2 Nf8 19. Be3 Ne6 20. Bc4 Nhf4 21. Bxe6 Nxe6 22. Ke2 h5 23. Bc1 Rhd8 (23... a4 {keeps more tension.} 24. Bg5+ Nxg5 25. Rxg5 Bd6 26. Ne1 Kf6) 24. Rxd8 Rxd8 25. Ne1 b5 26. Nd3 Bd6 $1 27. Bg5+ Nxg5 28. Rxg5 $17 {[%mdl 4096] Endgame KRB-KRN} Kf6 29. h4 Ke6 30. f4 exf4 31. e5 Bc7 {Strongly threatening ...f3+!} 32. Nxf4+ Ke7 33. Nd3 Rd5 34. f4 c5 35. Nf2 (35. b3 $1 $11) 35... c4 ({Better is} 35... Bd8 $17 36. Rg1 Ke6) 36. Rg3 (36. Ne4 $15) 36... Ke6 37. Ne4 Kf5 38. Nf6 Rd8 39. Rg5+ Kxf4 40. e6 fxe6 41. Rxb5 Kg3 (41... Bd6 $19 {and Black stays clearly on top. Threatens to win with ...Be7.} 42. Nh7 Rb8 43. Rxb8 Bxb8) 42. Rg5+ Kxh4 43. Rxg6 Rb8 44. Ne4 Rxb2+ 45. Kf3 Rxa2 (45... Rh2 $17 46. Rxe6 Rh3+ 47. Kg2 Re3) 46. Rxe6 $15 Ra1 {[#] aiming for ...a4.} 47. Rc6 $1 {[%cal Rc6c7]} Rf1+ 48. Nf2 $1 Bd8 {With the idea ...Kg5.} 49. Rd6 Bc7 (49... Be7 $5 {[%cal Re7d6]} 50. Re6 Ba3 51. Re4+ Kg5 52. Re5+ Kg6 53. Rxa5 Be7 54. Ra6+ Kf7 $17) 50. Rc6 $1 {[%cal Rc6c7]} Bd8 (50... Bb8 {seems wilder.} 51. Rxc4+ Kg5 52. Rc5+ Kg6 53. Rxa5 h4) 51. Rxc4+ (51. Rd6 $1 $11) 51... Kg5 $17 {[#] ...Bb6 is the strong threat.} 52. Kg2 Ra1 53. Ne4+ Kg6 54. Nc5 (54. Rc6+ $17 Kf7 55. Nd6+ Kf8 56. c4) 54... Ra2+ 55. Kf3 h4 {And now ...h3 would win.} 56. Ne6 Be7 57. Nf4+ Kf5 58. Rc7 Ra3 (58... Ra4 $17 59. Nd5 Bg5) 59. Rxe7 $11 {The position is equal.} Rxc3+ 60. Re3 Rxe3+ 61. Kxe3 Kg4 {White must now prevent ...a4.} 62. Ne2 a4 {[%cal Ba5a4,Ba4a3][%mdl 32] Hoping for ...a3.} (62... h3 $5 63. Kf2 $8 Kh4 $11) 63. Kf2 a3 {Accuracy: White = 58%, Black = 49%.} 1/2-1/2

[Event "Marienbad Open-A1 2019"]
[Site "Marianske Lazne"]
[Date "2019.01.26"]
[Round "9"]
[White "Voloshin, Leonid"]
[Black "Oboladze, Luka"]
[Result "1/2-1/2"]
[WhiteElo "2381"]
[BlackElo "2295"]
[Annotator "TA"]
[PlyCount "24"]
[EventDate "2019.01.17"]
[EventType "tourn"]
[EventCountry "CZE"]
[SourceTitle "playchess.com"]
[Source "ChessBase"]
[SourceQuality "1"]

{[%evp 12,24,18,12,30,44,34,22,43,38,41,43,63,3,41]} 1. c4 c6 2. d4 d5 3. Nf3 Nf6 4. Nc3 dxc4 5. a4 e6 6. e3 Bb4 7. Bxc4 O-O {D16: Slav Defence: 5 a4: Lines with 5...Bg4 and 5...Na6} (7... b6 8. O-O O-O 9. Qe2 a5 10. e4 Ba6 11. e5 Nd5 12. Ne4 h6 13. Rd1 Ra7 14. b3 Qe7 15. Ra2 {1-0 (28) Bareev,E (2667)-Tosic,M (2439) Rijeka 2010}) 8. O-O Nbd7 9. Qb3 Qe7 10. a5 b6 11. axb6 Nxb6 $146 12. Be2 (12. Bd3 $14) 12... a5 1/2-1/2

[Event "Marienbad Open-A1 2019"]
[Site "Marianske Lazne"]
[Date "2019.01.26"]
[Round "9"]
[White "Makarian, Rudik"]
[Black "Ajay Krishna, S."]
[Result "1/2-1/2"]
[WhiteElo "2354"]
[BlackElo "2289"]
[Annotator "NA"]
[PlyCount "67"]
[EventDate "2019.01.17"]
[EventType "tourn"]
[EventCountry "CZE"]
[SourceTitle "playchess.com"]
[Source "ChessBase"]
[SourceQuality "1"]
[TimeControl "40/5400+30:1800+30"]

1. Nf3 {[%emt 0:00:00]} c5 {[%emt 0:03:33]} 2. g3 {[%emt 0:00:00]} g6 {[%emt 0:00:07]} 3. Bg2 {[%emt 0:00:00]} Bg7 {[%emt 0:00:05]} 4. c4 {[%emt 0:00:00]} Nc6 {[%emt 0:00:04]} 5. Nc3 {[%emt 0:00:00]} e6 {[%emt 0:00:42]} 6. d4 {[%emt 0:00:00]} Nxd4 {[%emt 0:01:53]} 7. Nxd4 {[%emt 0:00:00]} cxd4 {[%emt 0:00:02]} 8. Ne4 {[%emt 0:00:00]} Qc7 {[%emt 0:08:41]} 9. c5 {[%emt 0:22:06]} Ne7 {[%emt 0:17:25]} 10. Bf4 {[%emt 0:00:58]} Qa5+ {[%emt 0:04:16]} 11. Bd2 {[%emt 0:11:32]} Qc7 {[%emt 0:03:38]} 12. Nd6+ {[%emt 0:17:00]} Kf8 {[%emt 0:00:06]} 13. Rc1 {[%emt 0:00:37]} Nf5 {[%emt 0:01:57]} 14. Qb3 {[%emt 0:06:20]} Kg8 {[%emt 0:00:36]} 15. Bf4 {[%emt 0:03:28]} Qa5+ {[%emt 0:03:08]} 16. Bd2 {[%emt 0:00:06]} Qc7 {[%emt 0:00:06]} 17. O-O {[%emt 0:04:05]} Be5 {[%emt 0:10:54]} 18. Nc4 {[%emt 0:09:01]} Bf6 {[%emt 0:04:25]} 19. Ba5 {[%emt 0:02:14]} Qxc5 {[%emt 0:03:53]} 20. Bb4 {[%emt 0:01:38]} Qb5 {[%emt 0:00:46]} 21. g4 {[%emt 0:00:17]} Be7 {[%emt 0:01:09]} 22. Bxe7 {[%emt 0:07:23]} Qxb3 {[%emt 0:00:12]} 23. gxf5 {[%emt 0:00:08]} Qxa2 {[%emt 0:01:23]} 24. Nd6 {[%emt 0:00:22]} exf5 {[%emt 0:02:04]} 25. Rc4 {[%emt 0:06:17]} Kg7 {[%emt 0:01:13]} 26. Bd5 {[%emt 0:01:26]} f6 {[%emt 0:05:45]} 27. Kh1 {[%emt 0:01:38]} h5 {[%emt 0:06:14]} 28. Rg1 {[%emt 0:01:26]} Qxb2 {[%emt 0:02:18]} 29. Nxf5+ {[%emt 0:01:47]} Kh7 {[%emt 0:00:02]} 30. Bf7 {[%emt 0:00:50]} gxf5 {[%emt 0:01:07]} 31. Bxf6 {[%emt 0:00:27]} Rf8 {[%emt 0:03:36]} 32. Rg7+ {[%emt 0:00:58]} Kh6 {[%emt 0:00:03]} 33. Rg6+ {[%emt 0:00:31]} Kh7 {[%emt 0:00:01]} 34. Rg7+ {[%emt 0:00:37]} 1/2-1/2